LEADER 01098nam 2200361 450 001 9910795195403321 005 20230814215819.0 010 $a1-78756-154-2 035 $a(CKB)4340000000265365 035 $a(MiAaPQ)EBC5351434 035 $a(EXLCZ)994340000000265365 100 $a20180523d2018 uy 0 101 0 $aegy 135 $aurcnu|||||||| 181 $ctxt$2rdacontent 182 $cc$2rdamedia 183 $acr$2rdacarrier 200 00$aProperty management$hVolume 36, Number 1$iEmerging issues in property in Asia /$fguest editor Piyush Tiwari and Venkatesh Panchapagesan 210 1$aBradford, West Yorkshire :$cEmerald Publishing Limited,$d2018. 215 $a1 online resource (133 pages) 311 $a1-78756-153-4 606 $aReal estate management 615 0$aReal estate management. 676 $a333.5068 702 $aTiwari$b Piyush 702 $aPanchapagesan$b Venkatesh 801 0$bMiAaPQ 801 1$bMiAaPQ 801 2$bMiAaPQ 906 $aBOOK 912 $a9910795195403321 996 $aProperty management$91757290 997 $aUNINA LEADER 01378oas 22005293a 450 001 9910901828603321 005 20251106213014.0 011 $a2639-8907 035 $a(DE-599)ZDB2976068-9 035 $a(OCoLC)706070947 035 $a(CONSER) 2018203714 035 $a(CKB)110978977559243 035 $a(EXLCZ)99110978977559243 100 $a20110306b19772008 uy a 101 0 $aeng 135 $aurun||||a|a|| 181 $ctxt$2rdacontent 182 $cc$2rdamedia 183 $acr$2rdacarrier 200 00$aEudora Welty newsletter 210 $a[Toledo, Ohio] $c[Dept. of English, University of Toledo]$d[1977-2008] 210 3 $aAtlanta, GA $cDept. of English, Georgia State University 300 $aEditor: 1977- W.U. McDonald. 311 08$a0146-7220 608 $aPeriodicals.$2fast 610 $aBibliography - General 676 $a813.52 701 $aMcDonald$b W. U.$cJr.$g(William Ulma),$f1927-2016$01772577 801 0$bOCLCE 801 1$bOCLCE 801 2$bOCLCQ 801 2$bOCLCF 801 2$bOCLCA 801 2$bOCLCQ 801 2$bOCLCA 801 2$bTEF 801 2$bDLC 801 2$bU3W 801 2$bOCLCQ 801 2$bBWN 801 2$bOCLCO 801 2$bOCLCL 801 2$bOCLCQ 906 $aJOURNAL 912 $a9910901828603321 996 $aEudora Welty newsletter$94273756 997 $aUNINA